00474pam a2200169 a 4500020001200000040002500012041001300037082001600050100002000066245007000086250001400156260004900170300001300219365001200232653004400244700001600288 c6246.00 aMedical College Lib. aENGhENG a616.15bSIM aSimon, Toby L.. aRosses Principles of Transfusion Medicine / chTextual Documents a3rd / b. a : bLippincott Williams & Wilkins , c2002. a355 ; c a6246.00 aPathologyaHaematologyaMedical Science aRossi`s, s.